[Event "Liberec op 22nd"]
[Site "Liberec"]
[Date "2023.02.25"]
[Round "2"]
[White "Lohia, Sohum"]
[Black "Rozumek, Krzysztof"]
[Result "1-0"]
[WhiteElo "2105"]
[BlackElo "1823"]
[PlyCount "101"]
[EventDate "2023.02.24"]
[EventType "swiss"]
[EventRounds "9"]
[EventCountry "CZE"]
[SourceTitle "CBM 213 Extra"]
[Source "ChessBase"]
[SourceDate "2023.05.31"]
[SourceVersion "1"]
[SourceVersionDate "2023.05.31"]
[SourceQuality "1"]

1. e4 c6 2. d4 d5 3. exd5 cxd5 4. Bd3 Nc6 5. c3 Nf6 6. Bf4 e6 7. Nf3 Bd6 8. Bg3 Qc7 9. 0-0 0-0 10. Nbd2 Bxg3 11. hxg3 e5 12. Nxe5 Nxe5 13. dxe5 Qxe5 14. Re1 Qd6 15. Nb3 Bg4 16. Qd2 Rfe8 17. Nd4 a6 18. f3 Bd7 19. g4 g6 20. Qf2 Rxe1+ 21. Rxe1 Re8 22. Rxe8+ Bxe8 23. Nb3 Qe7 24. Qe2 Qxe2 25. Bxe2 Kf8 26. Kf2 Ke7 27. Ke3 Kd6 28. Kd4 Bd7 29. Nd2 b5 30. Nf1 Ne8 31. Nd2 Nc7 32. b4 f5 33. gxf5 Bxf5 34. Nb3 Bb1 35. a3 Ne6+ 36. Ke3 Ba2 37. Nd4 Nd8 38. f4 Bc4 39. Bg4 Nf7 40. Be6 Nh6 41. g4 Ke7 42. g5 Nf7 43. Bxf7 Kxf7 44. Nc6 Kg7 45. Nb8 h5 46. gxh6+ Kxh6 47. Nxa6 Kh5 48. Nc5 Kg4 49. Nb7 Bf1 50. Nd6 Kg3 51. f5 1-0

[Event "Poznan op 28th"]
[Site "Poznan"]
[Date "2021.08.18"]
[Round "5"]
[White "Rozumek, Krzysztof"]
[Black "Pilny, Piotr"]
[Result "1/2-1/2"]
[WhiteElo "1859"]
[BlackElo "1484"]
[PlyCount "123"]
[EventDate "2021.08.15"]
[EventType "swiss"]
[EventRounds "9"]
[EventCountry "POL"]
[SourceTitle "CBM 203 Extra"]
[Source "ChessBase"]
[SourceDate "2021.09.30"]
[SourceVersion "1"]
[SourceVersionDate "2021.09.30"]
[SourceQuality "1"]

1. e4 d5 2. exd5 Nf6 3. d4 Qxd5 4. Nc3 Qa5 5. Bd2 c6 6. Ne4 Qd8 7. Nxf6+ exf6 8. Nf3 Bd6 9. Bd3 0-0 10. 0-0 Bg4 11. h3 Be6 12. Qc1 Qc7 13. Re1 Nd7 14. c4 Qc8 15. Qc2 g6 16. h4 Bg4 17. Nh2 Bxh2+ 18. Kxh2 Qc7+ 19. g3 Rfe8 20. Kg2 Nf8 21. f3 Bd7 22. Bc3 Rxe1 23. Rxe1 Re8 24. Rxe8 Bxe8 25. Qe2 Qd8 26. f4 Bd7 27. d5 Bc8 28. Be4 Qd7 29. Bxf6 Qh3+ 30. Kf2 Qh2+ 31. Bg2 Bh3 32. Qf3 Nd7 33. Bd4 Bxg2 34. Qxg2 Qxg2+ 35. Kxg2 c5 36. Bc3 f5 37. Kf3 Kf7 38. Ke3 Nb6 39. b3 Nc8 40. b4 b6 41. bxc5 bxc5 42. Be5 Ke7 43. Kd3 Kd7 44. Kc3 Nb6 45. Kb3 a6 46. a4 Nc8 47. a5 Ne7 48. Kc3 Ng8 49. Kd3 h5 50. Ke2 Nh6 51. Bg7 Ng8 52. Kf2 Ne7 53. Ke3 Kd6 54. Kd3 Kd7 55. Kc3 Nc8 56. Kb3 Nd6 57. Bc3 Nc8 58. Kc2 Nd6 59. Kd3 Ne4 60. Be1 Kd6 61. Ke3 Kd7 62. Ke2 1/2-1/2